Collected works of J.D. Eshelby : the mechanics of defects and inhomogeneities

Αποθηκεύτηκε σε:
Λεπτομέρειες βιβλιογραφικής εγγραφής
Άλλοι συγγραφείς: Eshelby, John Douglas, Markenscoff, X. (Xanthippi) (Επιμελητής έκδοσης), Gupta, Anurag (Επιμελητής έκδοσης)
Μορφή: Βιβλίο
Γλώσσα:English
Δημοσίευση: Dordrecht : Springer, c2006
Σειρά:Solid mechanics and its applications ; ; 133
Θέματα:
Ετικέτες: Προσθήκη ετικέτας
Δεν υπάρχουν, Καταχωρήστε ετικέτα πρώτοι!

MARC

LEADER 00000nam a2200000 i 4500
001 1/65103
008 071129s2006 eng d
020 |a 1-4020-4416-X 
020 |a 978-1-4020-4416-8 
035 |l 10092656 
040 |a GR-MY-UA  |b gre  |e aacr 
041 0 |a eng 
082 0 |a 620.1126  |2 (22) 
245 1 0 |a Collected works of J.D. Eshelby :  |b the mechanics of defects and inhomogeneities /  |c edited by Xanthippi Markenscoff and Anurag Gupta 
260 |a Dordrecht :   |b Springer,   |c c2006 
300 |a xl, 931 σ.;  |b εικ.;  |c 27 εκ. 
490 1 |a Solid mechanics and its applications  |v ; 133 
504 |a Περιλαμβάνει βιβλιογραφίες 
650 0 0 |a Deformations (Mechanics) 
650 0 0 |a Inhomogeneous materials. 
650 0 0 |a Fracture mechanics. 
700 1 |a Eshelby, John Douglas. 
700 1 |a Markenscoff, X.  |q (Xanthippi)  |4 edt 
700 1 |a Gupta, Anurag.  |4 edt 
830 0 |a Solid mechanics and its applications ;  |v ; 133 
852 |a INST  |b SYROS  |e 20071129  |h 620.1126 COL  |p 005500006871  |q 005500006871  |t BK  |y 0 
901 |a BIBL5-2007-3 
909 |a Ε  |b 139931 
922 |a 5ΕΛΗ  |b 200710  |c ΕΠΕΑΕΚ2/ΤΜΣΠΣ  |d ΠΑΠΑΣΩΤΗΡΙΟΥ 
970 |a ΚΟΝΤΟΥ  |b ΠΑΡΑΣΚΕΥΗ  |z 2007/11/29